000 00419nam a22001697a 4500
999 _c4984
_d4982
005 20211202162924.0
008 160701b xxu||||| |||| 00| 0 eng d
020 _a81-88458-48-1
041 _aeng
082 _b17411
100 _a Dogra, Dr. Rakesh.
_96958
245 _aElectrical Engineering Material
260 _bS.K. Kataria & Sons
_c2012
300 _a334
650 _aDiploma Engineering
_9817
942 _cBK